00838nam a2200217 a 450000100060000000300080000600500170001400800410003103500190007204000460009104100080013708200260014510000320017124500380020326000850024130000280032649000720035450400280042660000660045483001000052065533BD-RjUL20211209081433.0170308s1953 enkc b 000 0 eng c a(BD-RjUL)65663 aRochester. Univ. Libr.cCCCdUkdDLCbeng aeng 223a823.912bBEH 19531 aBelgion, Montgomery,d1892-00aH. G. Wells /cMontgomery Belgion aLondon,aNew York :bPublished for the British Council by Longmans, Green,c1953 a43 p. :bill. ;c22 cm.1 aBibliographical series of supplements to British book news,vno. 40 aBibliography: p. 37-43.10aWells, H. G.q(Herbert George),d1866-1946.cAuthors, English 0aBibliographical series of supplements to British book news on writers and their work ;vno. 40.